LEADER 00992nam0-2200337---450- 001 990008294650403321 005 20100607120211.0 010 $a0-7546-0709-7 035 $a000829465 035 $aFED01000829465 035 $a(Aleph)000829465FED01 035 $a000829465 100 $a20060314d2005----km-y0itay50------ba 101 0 $aeng 102 $aGB 105 $aag--acz-001yy 200 1 $aPerspectives on Gustav Mahler$fedited by Jeremy Barham 210 $aAldershot$cAshgate Publishing$dİ2005 215 $aXXX, 595 p.$cill. : es. mus.$d24 cm 610 0 $aMusica$aCritica e interpretazione 610 0 $aMahler, Gustav <1860-1911>$aStudi 676 $a780.92$v21$zita 676 $a780.72$v21$zita 700 1$aBarham,$bJeremy$f<1963- >$0321610 801 0$aIT$bUNINA$gRICA$2UNIMARC 901 $aBK 912 $a990008294650403321 952 $a780.72 BAR 1$bBibl. 52937$fFLFBC 959 $aFLFBC 996 $aPerspectives on Gustav Mahler$9745897 997 $aUNINA